| 000 | 00570nam a22001697a 4500 | ||
|---|---|---|---|
| 003 | NUST | ||
| 005 | 20260210140958.0 | ||
| 008 | 260210b ||||| |||| 00| 0 eng d | ||
| 020 | _a978-0965564397 | ||
| 082 |
_a551.48 _bSER |
||
| 100 |
_aSerrano, Sergio E. _9260 |
||
| 245 |
_aHydrology: For Engineers, Geologist and Environmental Professionals / _bAn Integrated Treatment of Surface, Subsurface, and Contaminant Hydrology / _cSerrano, Sergio E. |
||
| 260 |
_aUSA: _bHydroscience Inc, _c1997. |
||
| 300 |
_a452 p ; _c24.4 cm |
||
| 563 | _aHardcover | ||
| 942 |
_2ddc _cBK |
||
| 999 |
_c616162 _d616162 |
||